| 000 | 00360nam a2200169Ia 4500 | ||
|---|---|---|---|
| 100 | _aWilkinson/Barry | ||
| 650 | _aProgramming | ||
| 250 | _a2 | ||
| 942 | _cBK | ||
| 366 | _f20 | ||
| 654 | _aprogramming | ||
| 245 | _aParallel Programming | ||
| 260 |
_bPearson Education _c2005 |
||
| 082 |
_a4.35 _bWIL |
||
| 300 | _a467 | ||
| 546 |
_aENGLISH _celectronics |
||
| 999 |
_c22856 _d22856 |
||